000 00906nam a22002297a 4500
001 44963
003 BD-RjUL
005 20211209053937.0
008 160721s2015 bg ||||| |||| 00| 0 ben d
020 _c: TK 200.00
035 _a(BD-RjUL) 45081
040 _aBD-RjUL
_bben
_cBD-RjUL
041 _aben
082 _223
_a363.73
_bDEP 2015
100 _aদে, শংকর প্রসাদ
_9136083
245 1 0 _aপৃথিবীব্যাপী শঙ্কা : বিপর্যস্ত বায়ুমন্ডল ও জলবায়ু পরিবর্তন /
_c শংকর প্রসাদ দে
260 _aঢাকা :
_bবলাকা,
_c২০১৫
300 _a১১২ পৃ. :
_bচিত্র ;
_c২১ সেমি.
650 _aজলবায়ু পরিবর্তন
_9137797
650 _aClimate Change
_9137798
942 _2ddc
_cBK
999 _c44963
_d44963